01138 2200349 4500001002100000005001500021035002000036007000300056008004100059020002200100040002200122082001200144090002200156090001800178100003700196245015100233250003200384300005100416500001100467650001300478700003100491700004000522850001200562504003300574264004900607336002100656337003000677338002300707999002200730084001400752990002200766INLIS00000000085700420210301110334 a0010-0321000027ta210301s2020 yoia g 1 ind d a978-602-386-842-1 aYOPDYOGbinderda04223a920 aCB-D.11 2020-0534 aDEP 920 MUH a0 aMuhamad Supraja,d1967-epenulis10aAlfred Schutz :bpengarusutamaan fenomenologi dalam tradisi ilmu sosial /cMuhamad Supraja, Nuruddin Al Akbar; penyunting, Alfiansari Aisyah Putri aCetakan pertama, Maret 2020 axiv, 222 halaman :bilustrasi, gambar ;c23 cm aIndeks 4aBiografi0 aNuruddin Al Akbarepenulis0 aAlfiansari Aisyah Putriepenyunting aYOPDYOG aBibliografi: halaman 187-21231aYogyakarta :bUniversitas Gadjah Mada,c2020 2rdacontentateks 2rdamediaatanpa perantara 2rdacarrieravolume aCB-D.11/2020-0534 a920 MUH a aCB-D.11/2020-0534